Top Alabama Colleges & Universities - Statistics

General Stats
  • This quiz has been taken 78 times
  • The average score is 5 of 8
Answer Stats
Rank Answer % Correct
252 University of Alabama
100%
166 Auburn University
97%
456 University of Alabama, Birmingham
79%
612 University of South Alabama
64%
475 University of Alabama, Huntsville
52%
169 Samford University
50%
463 Birmingham-Southern College
26%
607 Spring Hill College
17%
No matching quizzes found
Score Distribution
Percent of People with Each Score
Percentile by Number Answered
Your Score History
You have not taken this quiz